[Event "4NCL Online Division 3"]
[Site "online"]
[Date "2021.02.09"]
[EventDate "2021.02.09"]
[Round "2.93"]
[White "Williamson, Kevin J"]
[WhiteElo "1973"]
[WhiteTeam "MK Phoenix 2"]
[Black "Wadsworth, Mark S"]
[BlackElo "1666"]
[BlackTeam "Atticus B"]
[Result "1/2-1/2"]
[PlyCount "49"]

1. d4 Nf6 2. Nc3 d5 3. Bg5 Nbd7 4. e3 h6 5. Bh4 b6 6. f4 Bb7 7. Nf3 e6 8. Ne5 Be7 9. Bd3 Ne4 10. Bxe7 Qxe7 11. O-O Nxe5 12. fxe5 O-O-O 13. a4 f6 14. exf6 gxf6 15. a5 Kb8 16. axb6 axb6 17. Nxe4 dxe4 18. Ba6 f5 19. Bxb7 Kxb7 20. Qe2 Ra8 21. c3 Qg5 22. Qf2 Rhg8 23. Rxa8 Rxa8 24. h3 Ra2 25. Rb1 1/2-1/2

[Event "4NCL Online Division 3"]
[Site "online"]
[Date "2021.02.09"]
[EventDate "2021.02.09"]
[Round "2.94"]
[White "Wiseman, Jim K"]
[WhiteElo "1618"]
[WhiteTeam "Atticus B"]
[Black "Habershon, Paul F"]
[BlackElo "1948"]
[BlackTeam "MK Phoenix 2"]
[Result "0-1"]
[PlyCount "66"]

1. e4 Nf6 2. Nc3 d5 3. d4 dxe4 4. Bg5 Bf5 5. Qe2 Nbd7 6. Bxf6 Nxf6 7. Qb5+ Bd7 8. Qe5 e6 9. Nxe4 Nxe4 10. Qxe4 Bc6 11. Qe3 Be7 12. c3 O-O 13. Nf3 Qd5 14. Be2 Rad8 15. O-O Bf6 16. Rad1 Rfe8 17. c4 Qa5 18. a3 Qb6 19. b4 Bxf3 20. c5 Qc6 21. Bxf3 Qb5 22. Be2 Qa4 23. Bc4 Qd7 24. Qe4 c6 25. Rd3 g6 26. Rfd1 a6 27. Ba2 Qe7 28. Bb1 Rd5 29. Qg4 Red8 30. g3 Qd7 31. Ba2 Rxd4 32. Rxd4 Bxd4 33. Qe2 Bxf2+ 0-1

[Event "4NCL Online Division 3"]
[Site "online"]
[Date "2021.02.09"]
[EventDate "2021.02.09"]
[Round "2.101"]
[White "Deary, Daniel"]
[WhiteElo "1868"]
[WhiteTeam "Alba Bon Accord 2"]
[Black "Borman, Philip"]
[BlackElo "2250"]
[BlackTeam "Hertford 1"]
[Result "0-1"]
[PlyCount "88"]

1. d4 Nf6 2. c4 c5 3. d5 b5 4. cxb5 a6 5. e3 g6 6. Nc3 Bg7 7. Nf3 O-O 8. a4 d6 9. Be2 axb5 10. Bxb5 Na6 11. O-O Nb4 12. e4 Bg4 13. Be2 Nd7 14. Ne1 Bxe2 15. Qxe2 Qa5 16. Bg5 Rfe8 17. Nf3 Nb6 18. Nd2 Nc2 19. Nb3 Nd4 20. Nxd4 cxd4 21. Nb5 Nxa4 22. Rxa4 Qxa4 23. Nc7 h6 24. Nxe8 Rxe8 25. Bf4 Qb3 26. Rd1 Rb8 27. Rd2 g5 28. Bg3 Rc8 29. h4 Rc1+ 30. Kh2 Qa2 31. Rc2 Qb1 32. Rxc1 Qxc1 33. hxg5 hxg5 34. f4 gxf4 35. Bf2 Be5 36. Qg4+ Kf8 37. Qd7 f3+ 38. g3 Qh6+ 39. Kg1 Qg5 40. Qc8+ Kg7 41. Qc4 Bxg3 42. Bxd4+ Be5+ 43. Kf1 Qd2 44. Bxe5+ dxe5 0-1

[Event "4NCL Online Division 3"]
[Site "online"]
[Date "2021.02.09"]
[EventDate "2021.02.09"]
[Round "2.102"]
[White "Cheal, Barry A"]
[WhiteElo "2162"]
[WhiteTeam "Hertford 1"]
[Black "Roy, Ali"]
[BlackElo "1919"]
[BlackTeam "Alba Bon Accord 2"]
[Result "1/2-1/2"]
[PlyCount "68"]

1. b3 Nf6 2. Bb2 e6 3. e3 d5 4. Nf3 Be7 5. Be2 O-O 6. O-O c5 7. d4 Nc6 8. Nbd2 b6 9. Rc1 Bb7 10. c4 Rc8 11. dxc5 bxc5 12. cxd5 Nxd5 13. Nc4 Qc7 14. Qc2 Rfd8 15. Rfd1 Ncb4 16. Qb1 Bf6 17. Qa1 Bxb2 18. Qxb2 Nf6 19. a3 Bxf3 20. gxf3 Nbd5 21. Kh1 Nb6 22. Rg1 Kf8 23. Rxg7 Kxg7 24. Rg1+ Kf8 25. Qxf6 Nd5 26. Qg5 Rb8 27. Bd1 Qb7 28. Bc2 Nc3 29. Qg7+ Ke8 30. Qxc3 Qxf3+ 31. Rg2 Rd1+ 32. Bxd1 Qxd1+ 33. Rg1 Qf3+ 34. Rg2 Qd1+ 1/2-1/2

[Event "4NCL Online Division 3"]
[Site "online"]
[Date "2021.02.09"]
[EventDate "2021.02.09"]
[Round "2.103"]
[White "Mitchell, Jeremy J"]
[WhiteElo "1869"]
[WhiteTeam "Alba Bon Accord 2"]
[Black "Byway, Paul V"]
[BlackTitle "FM"]
[BlackElo "2017"]
[BlackTeam "Hertford 1"]
[Result "1/2-1/2"]
[PlyCount "113"]

1. e4 c5 2. c3 d5 3. exd5 Qxd5 4. d4 e6 5. Nf3 Nf6 6. Na3 Qd8 7. Nc4 Nc6 8. Be3 cxd4 9. Nxd4 Nxd4 10. Qxd4 Qxd4 11. Bxd4 Be7 12. Be2 O-O 13. O-O b6 14. Bf3 Ba6 15. Ne5 Bxf1 16. Bxa8 Rxa8 17. Kxf1 Rc8 18. a4 Bc5 19. Nf3 Nd5 20. a5 b5 21. a6 f6 22. Ra5 e5 23. Rxb5 exd4 24. cxd4 Bb6 25. Rxd5 Rc1+ 26. Ke2 Rc2+ 27. Ke3 Rxb2 28. Nd2 Ra2 29. Nc4 Rxa6 30. Rd6 Kf8 31. Ke4 Ke7 32. Kd5 Ra2 33. Nxb6 axb6 34. Rxb6 Rxf2 35. Rb7+ Kf8 36. Ke6 Re2+ 37. Kd6 Rxg2 38. d5 Rxh2 39. Rb8+ Kf7 40. Rb7+ Kg6 41. Kd7 h5 42. d6 h4 43. Ke8 Rd2 44. d7 Kh5 45. d8=Q Rxd8+ 46. Kxd8 g6 47. Ke7 Kg5 48. Rb6 f5 49. Kf7 h3 50. Rxg6+ Kf4 51. Rh6 Kg4 52. Rg6+ Kh5 53. Rf6 Kg4 54. Ke6 f4 55. Ke5 h2 56. Rxf4+ Kg3 57. Rf1 1/2-1/2

[Event "4NCL Online Division 3"]
[Site "online"]
[Date "2021.02.09"]
[EventDate "2021.02.09"]
[Round "2.104"]
[White "Capes, Ian"]
[WhiteElo "1915"]
[WhiteTeam "Hertford 1"]
[Black "Gordon, Frederick"]
[BlackElo "1667"]
[BlackTeam "Alba Bon Accord 2"]
[Result "0-1"]
[PlyCount "82"]

1. d4 d5 2. Nf3 Nf6 3. Bf4 e6 4. e3 Bd6 5. Bg3 O-O 6. c3 b6 7. Nbd2 Bb7 8. Bd3 c5 9. O-O Nc6 10. e4 dxe4 11. Nxe4 Bxg3 12. hxg3 cxd4 13. cxd4 Kh8 14. Nxf6 Qxf6 15. Be4 Rfd8 16. Qa4 Na5 17. Bxb7 Nxb7 18. Rac1 Qe7 19. Rfe1 a6 20. Qc6 b5 21. Qe4 Nd6 22. Qf4 Qb7 23. Rc5 Kg8 24. Rec1 Rac8 25. b3 b4 26. g4 Nb5 27. R1c4 Nc3 28. Rc7 Rxc7 29. Rxc7 Ne2+ 30. Kh2 Nxf4 31. Rxb7 Nd3 32. Kg3 h6 33. Rb6 a5 34. Rb5 Rd5 35. Rb8+ Kh7 36. Rc8 g5 37. Rc4 Kg6 38. Nd2 Nb2 39. Rc2 Nd1 40. Nf3 Nc3 41. Rd2 Ne4+ 0-1

[Event "4NCL Online Division 3"]
[Site "online"]
[Date "2021.02.09"]
[EventDate "2021.02.09"]
[Round "2.111"]
[White "Shepherd, Tom"]
[WhiteElo "2018"]
[WhiteTeam "MCS Oxford A"]
[Black "Chaplin, Peter E"]
[BlackElo "2041"]
[BlackTeam "Clevedon"]
[Result "0-1"]
[PlyCount "106"]

1. d4 e6 2. Nf3 d5 3. c4 c5 4. cxd5 exd5 5. g3 Nc6 6. Bg2 Nf6 7. O-O Be7 8. Nc3 O-O 9. Bg5 Be6 10. Rc1 c4 11. Ne5 h6 12. Bf4 Qa5 13. a3 Rac8 14. Nxc6 Rxc6 15. Be5 Rd8 16. Qd2 Ng4 17. Bf4 Bd6 18. Nxd5 Qxd2 19. Bxd2 Bxa3 20. bxa3 Bxd5 21. e4 Be6 22. d5 Ra6 23. Bb4 Bd7 24. Rb1 b5 25. f4 Ne3 26. Rf2 Nxg2 27. Kxg2 Re8 28. Re1 Ra4 29. f5 f6 30. Kf3 a5 31. Bd6 Bxf5 32. Rb2 c3 33. Rxb5 Raxe4 34. Rxe4 Bxe4+ 35. Kf2 Rc8 36. Rc5 Rxc5 37. Bxc5 c2 38. Be3 Bxd5 39. Ke1 a4 40. Kd2 Bb3 41. Bc5 Kf7 42. Bb4 Ke6 43. Bc5 Kf5 44. h3 h5 45. Be3 Ke4 46. Ke2 Be6 47. h4 Bg4+ 48. Kf2 Kd3 49. Bc1 Bd1 50. Ke1 Kc3 51. Kf2 Kb3 52. Ke3 Ka2 53. Kd2 Kb1 0-1

[Event "4NCL Online Division 3"]
[Site "online"]
[Date "2021.02.09"]
[EventDate "2021.02.09"]
[Round "2.112"]
[White "Spiller, Paul"]
[WhiteElo "1924"]
[WhiteTeam "Clevedon"]
[Black "Selvaraj, Hari"]
[BlackElo "1934"]
[BlackTeam "MCS Oxford A"]
[Result "1/2-1/2"]
[PlyCount "41"]

1. e4 c5 2. d4 cxd4 3. c3 dxc3 4. Nxc3 Nc6 5. Nf3 e6 6. Bc4 Bb4 7. O-O Nge7 8. Qe2 O-O 9. Rd1 a6 10. Bf4 Qa5 11. Rac1 Bxc3 12. Rxc3 d5 13. Ra3 Qb4 14. Bd3 Rd8 15. Rb3 Qa4 16. Ra3 Qb4 17. Rb3 Qa5 18. Ra3 Qb6 19. Rb3 Qa5 20. Ra3 Qb4 21. Rb3 1/2-1/2

[Event "4NCL Online Division 3"]
[Site "online"]
[Date "2021.02.09"]
[EventDate "2021.02.09"]
[Round "2.113"]
[White "Zhu, Hou Ning"]
[WhiteElo "1830"]
[WhiteTeam "MCS Oxford A"]
[Black "Lintern, Jack"]
[BlackElo "1812"]
[BlackTeam "Clevedon"]
[Result "1-0"]
[PlyCount "75"]

1. c4 e5 2. g3 Nc6 3. Bg2 Nf6 4. Nc3 Bc5 5. d3 h6 6. Nf3 d6 7. O-O O-O 8. a3 Ng4 9. b4 Bd4 10. Nxd4 Nxd4 11. e3 Nc6 12. d4 Qg5 13. Ne4 Qg6 14. Nc3 Bf5 15. e4 Bd7 16. Nd5 Kh8 17. Nxc7 Rac8 18. Nd5 f5 19. b5 Rfe8 20. bxc6 bxc6 21. Nc3 exd4 22. Qxd4 c5 23. Qd1 Bc6 24. exf5 Qxf5 25. Bxc6 Rxc6 26. Qd5 Qxd5 27. Nxd5 Re4 28. f3 Rxc4 29. fxg4 Rxg4 30. Bb2 Rg5 31. Rad1 c4 32. Rfe1 Rc5 33. Nf6 Rc8 34. Re8+ Rxe8 35. Nxe8 d5 36. Nxg7 Rg6 37. Nf5+ Kh7 38. Rxd5 1-0

[Event "4NCL Online Division 3"]
[Site "online"]
[Date "2021.02.09"]
[EventDate "2021.02.09"]
[Round "2.114"]
[White "Peters, David"]
[WhiteElo "1813"]
[WhiteTeam "Clevedon"]
[Black "Khan, Samir"]
[BlackElo "1664"]
[BlackTeam "MCS Oxford A"]
[Result "1/2-1/2"]
[PlyCount "73"]

1. e4 e6 2. d4 d5 3. Nd2 c5 4. exd5 exd5 5. dxc5 Bxc5 6. Nb3 Qe7+ 7. Qe2 Be6 8. Nf3 Nc6 9. c3 Nf6 10. Nxc5 Qxc5 11. Be3 Qe7 12. Qd2 O-O 13. Be2 Rfd8 14. O-O Rd7 15. Rfe1 Ne4 16. Qd1 Bg4 17. Nd4 Bxe2 18. Qxe2 Re8 19. Nxc6 bxc6 20. Qf1 Qd6 21. f3 Nc5 22. Bxc5 Qxc5+ 23. Qf2 Qxf2+ 24. Kxf2 Rde7 25. Rxe7 Rxe7 26. Re1 Rxe1 27. Kxe1 Kf8 28. Ke2 Ke7 29. Kd3 c5 30. b4 Kd6 31. f4 g6 32. a3 f5 33. h3 Kc6 34. a4 a6 35. h4 Kd6 36. g3 Kc6 37. Kc2 1/2-1/2

[Event "4NCL Online Division 3"]
[Site "online"]
[Date "2021.02.09"]
[EventDate "2021.02.09"]
[Round "2.121"]
[White "Murphy, Sean J."]
[WhiteElo "1995"]
[WhiteTeam "Cork"]
[Black "Robbings, Andrew MJ"]
[BlackElo "1970"]
[BlackTeam "Wantage A"]
[Result "1-0"]
[PlyCount "61"]

1. d4 d5 2. c4 e6 3. Nc3 f5 4. Bf4 Bd6 5. e3 c6 6. Nf3 Qc7 7. Ne5 Nf6 8. c5 Bxe5 9. Bxe5 Qf7 10. Bd6 Qg6 11. f3 Kf7 12. Qd2 Ne8 13. Bf4 Nd7 14. Bd3 Rf8 15. O-O-O b6 16. b4 bxc5 17. bxc5 Qf6 18. h4 e5 19. Bg5 Qe6 20. g4 g6 21. h5 e4 22. hxg6+ hxg6 23. fxe4 dxe4 24. gxf5 gxf5 25. Rh7+ Ng7 26. Rh6 Qxh6 27. Bxh6 exd3 28. Rg1 Rg8 29. Qg2 Bb7 30. Qg6+ Ke7 31. Bg5+ 1-0

[Event "4NCL Online Division 3"]
[Site "online"]
[Date "2021.02.09"]
[EventDate "2021.02.09"]
[Round "2.122"]
[White "Carter, John P"]
[WhiteElo "1886"]
[WhiteTeam "Wantage A"]
[Black "Lawrence, Simon"]
[BlackElo "1779"]
[BlackTeam "Cork"]
[Result "1/2-1/2"]
[PlyCount "78"]

1. e4 c6 2. d4 d5 3. e5 c5 4. dxc5 Nc6 5. f4 e6 6. Be3 d4 7. Bf2 Bxc5 8. Nd2 Nge7 9. Ne4 b6 10. Nf3 Bb7 11. Bd3 Nd5 12. Nxd4 Nxf4 13. Nxc6 Bxf2+ 14. Kxf2 Nxd3+ 15. Qxd3 Qxd3 16. cxd3 Bxc6 17. Nd6+ Ke7 18. Rac1 Bd7 19. Rc7 Rhf8 20. Rhc1 f6 21. Ke3 b5 22. d4 a6 23. R1c6 fxe5 24. dxe5 Rf1 25. Ke2 Rg1 26. Kf2 Rd1 27. Ne4 Kd8 28. Rd6 Kxc7 29. Rxd1 Rf8+ 30. Ke3 Rf5 31. Kd4 Bc6 32. Nc5 Bd5 33. Nxa6+ Kb6 34. Nb4 Bxg2 35. Rg1 Rf4+ 36. Kc3 Rf3+ 37. Kd4 Rf4+ 38. Kc3 Rf3+ 39. Kd4 Rf4+ 1/2-1/2

[Event "4NCL Online Division 3"]
[Site "online"]
[Date "2021.02.09"]
[EventDate "2021.02.09"]
[Round "2.123"]
[White "O'Connell, Denis"]
[WhiteElo "1736"]
[WhiteTeam "Cork"]
[Black "Morris, Stephen A"]
[BlackElo "1840"]
[BlackTeam "Wantage A"]
[Result "1-0"]
[PlyCount "117"]

1. e4 c5 2. b4 b6 3. Nf3 Bb7 4. bxc5 bxc5 5. Nc3 Nc6 6. Rb1 Rb8 7. Bc4 e6 8. O-O Be7 9. d3 Na5 10. Bf4 d6 11. Bb5+ Bc6 12. a4 Bxb5 13. axb5 Nf6 14. e5 dxe5 15. Nxe5 Bd6 16. Qf3 O-O 17. Rfe1 Ne8 18. Ne4 f6 19. Nc6 Nxc6 20. bxc6 Bxf4 21. Qxf4 Rxb1 22. Rxb1 Qc8 23. Nxc5 Qxc6 24. Qc4 Nc7 25. Re1 Re8 26. d4 Kh8 27. h3 h6 28. Ra1 Ra8 29. Qa4 Qxa4 30. Rxa4 e5 31. dxe5 fxe5 32. c4 Kg8 33. f3 Kf7 34. Kf2 Ke7 35. Ke3 Kd6 36. Ne4+ Ke6 37. g4 g5 38. Ra5 a6 39. Nc5+ Kd6 40. Ke4 Kc6 41. Nd3 Ne8 42. Nxe5+ Kb6 43. Ra1 Kc5 44. Kf5 Nd6+ 45. Kg6 Kd4 46. Nf7 Nxf7 47. Kxf7 Kxc4 48. Kg6 Kb5 49. Kxh6 Rh8+ 50. Kxg5 Rxh3 51. f4 a5 52. f5 a4 53. f6 a3 54. Rf1 a2 55. f7 Rh8 56. Kg6 Kb4 57. Kg7 Ra8 58. f8=Q+ Rxf8 59. Kxf8 1-0

[Event "4NCL Online Division 3"]
[Site "online"]
[Date "2021.02.09"]
[EventDate "2021.02.09"]
[Round "2.124"]
[White "Hemmings, Peter J"]
[WhiteElo "1626"]
[WhiteTeam "Wantage A"]
[Black "Foran, Barry"]
[BlackElo "1599"]
[BlackTeam "Cork"]
[Result "1-0"]
[PlyCount "99"]

1. e4 c6 2. d4 d5 3. e5 c5 4. c3 Nc6 5. Nf3 Bg4 6. Be2 e6 7. O-O Nge7 8. h3 Bh5 9. Nbd2 cxd4 10. cxd4 Qb6 11. Nb3 Bxf3 12. Bxf3 Nf5 13. Be3 Be7 14. Bg4 Nxe3 15. fxe3 O-O 16. Qd3 Nb4 17. Qe2 Rac8 18. Rfc1 a5 19. Rc3 a4 20. Nc1 Rc6 21. Rxc6 Qxc6 22. Nd3 Nxd3 23. Qxd3 Rc8 24. Re1 Bb4 25. Re2 Qc4 26. Qxc4 Rxc4 27. a3 Be7 28. Kf2 b5 29. Rd2 b4 30. Be2 Rc1 31. Bd1 b3 32. Be2 Rc2 33. Ke1 Bg5 34. Bd1 Rc1 35. Ke2 Kf8 36. Kf3 Ke8 37. Be2 Rc2 38. Bb5+ Ke7 39. Re2 Rc7 40. Bxa4 Rb7 41. Rd2 f6 42. exf6+ Kxf6 43. Rd3 Kf5 44. Rxb3 Rc7 45. g4+ Kg6 46. Rc3 Rf7+ 47. Ke2 h5 48. gxh5+ Kxh5 49. Be8 Kg6 50. Rc7 1-0

[Event "4NCL Online Division 3"]
[Site "online"]
[Date "2021.02.09"]
[EventDate "2021.02.09"]
[Round "2.131"]
[White "Putar, Lara"]
[WhiteElo "1899"]
[WhiteTeam "St Benildus B"]
[Black "Tunks, Dominic R"]
[BlackElo "2019"]
[BlackTeam "Wessex Some Stars C"]
[Result "1/2-1/2"]
[PlyCount "135"]

1. d4 d6 2. c4 Nd7 3. Nf3 e5 4. Nc3 Ngf6 5. e4 c6 6. d5 Be7 7. Be2 Nc5 8. Qc2 a5 9. Be3 Qc7 10. Bxc5 dxc5 11. O-O O-O 12. Ne1 Re8 13. Nd3 Bf8 14. Rae1 Bd7 15. a4 Rad8 16. Bd1 Bc8 17. h3 Bd6 18. f3 h5 19. Qf2 Qe7 20. f4 cxd5 21. fxe5 Bxe5 22. Nxe5 Qxe5 23. Nxd5 Rd6 24. Qxc5 Kh8 25. Qf2 Qg5 26. Bc2 Bxh3 27. e5 Rde6 28. Nf4 Rxe5 29. Nxh3 Qg4 30. Rxe5 Rxe5 31. Nf4 Nd7 32. Rd1 g5 33. Nd5 Re2 34. Bf5 Qxc4 35. Qd4+ Qxd4+ 36. Rxd4 Nc5 37. Rc4 Nb3 38. Nf6 Re1+ 39. Kf2 Rf1+ 40. Kxf1 Nd2+ 41. Ke2 Nxc4 42. b3 Nd6 43. Bd3 h4 44. Ne4 Nf5 45. Kd2 g4 46. Nf2 h3 47. Bf1 h2 48. Nh1 Kg7 49. Bd3 Nd6 50. Ke3 f5 51. Kf4 Kf6 52. g3 Ke6 53. Bf1 Kd5 54. Bd3 Kd4 55. Bxf5 Nxf5 56. Kxf5 Kc3 57. Kxg4 Kxb3 58. Kh3 Kxa4 59. g4 Kb5 60. g5 a4 61. g6 a3 62. g7 a2 63. g8=Q a1=Q 64. Qe8+ Kb6 65. Qd8+ Ka7 66. Kxh2 Qe5+ 67. Kg2 Qe4+ 68. Kh2 1/2-1/2

[Event "4NCL Online Division 3"]
[Site "online"]
[Date "2021.02.09"]
[EventDate "2021.02.09"]
[Round "2.132"]
[White "Adaway, William"]
[WhiteElo "1899"]
[WhiteTeam "Wessex Some Stars C"]
[Black "Murray, Benjamin"]
[BlackElo "1910"]
[BlackTeam "St Benildus B"]
[Result "0-1"]
[PlyCount "78"]

1. c4 Nf6 2. Nf3 g6 3. Nc3 Bg7 4. e4 d6 5. d4 O-O 6. Be2 e5 7. d5 a5 8. Bg5 Na6 9. Nd2 Qe8 10. Rc1 Nd7 11. g4 Nac5 12. Nb5 Na6 13. a3 f5 14. gxf5 gxf5 15. Bh5 Rf7 16. Rg1 Ndc5 17. Rc3 Kh8 18. f3 Qf8 19. Bxf7 Qxf7 20. Qe2 Qf8 21. Rc1 c6 22. Nc3 Bd7 23. Kd1 Rb8 24. Kc2 cxd5 25. Nxd5 Ne6 26. Qg2 Nxg5 27. Qxg5 Nc5 28. Rcf1 b5 29. Qe7 bxc4 30. Qxf8+ Bxf8 31. Nxc4 Bb5 32. Ndb6 fxe4 33. fxe4 Nxe4 34. b3 Nc5 35. Rf3 a4 36. bxa4 Nxa4 37. Nxa4 Bxc4 38. Nc3 Be7 39. Rf7 Bxf7 0-1

[Event "4NCL Online Division 3"]
[Site "online"]
[Date "2021.02.09"]
[EventDate "2021.02.09"]
[Round "2.133"]
[White "Healy, John"]
[WhiteElo "1885"]
[WhiteTeam "St Benildus B"]
[Black "Krawczuk, Michael J"]
[BlackElo "1877"]
[BlackTeam "Wessex Some Stars C"]
[Result "0-1"]
[PlyCount "58"]

1. e4 c5 2. Nc3 a6 3. Nf3 d6 4. d3 Nc6 5. g3 Bg4 6. Bg2 Nd4 7. h3 Bxf3 8. Bxf3 Nxf3+ 9. Qxf3 e6 10. O-O Be7 11. Qg4 h5 12. Qf3 Qc7 13. Be3 Bf6 14. Qg2 Ne7 15. f4 Nc6 16. Rae1 O-O-O 17. f5 Bd4 18. Kh1 Bxe3 19. Rxe3 Ne5 20. Ne2 g5 21. fxe6 fxe6 22. Rf6 Qe7 23. Rf1 Rdf8 24. Ng1 Rxf1 25. Qxf1 Rf8 26. Qe2 Qf7 27. Kg2 g4 28. c3 Nc6 29. Qd1 Qf2+ 0-1

[Event "4NCL Online Division 3"]
[Site "online"]
[Date "2021.02.09"]
[EventDate "2021.02.09"]
[Round "2.134"]
[White "Clancy, Martin J"]
[WhiteElo "1860"]
[WhiteTeam "Wessex Some Stars C"]
[Black "Boland, Dylan"]
[BlackElo "1863"]
[BlackTeam "St Benildus B"]
[Result "1/2-1/2"]
[PlyCount "84"]

1. e4 e5 2. Nf3 Nc6 3. Bb5 a6 4. Ba4 Nf6 5. O-O Be7 6. Re1 b5 7. Bb3 O-O 8. a4 Rb8 9. c3 d6 10. h3 h6 11. axb5 axb5 12. d3 Be6 13. Nbd2 Qd7 14. Nf1 b4 15. Bxe6 Qxe6 16. d4 Nd8 17. Ng3 Re8 18. d5 Qd7 19. Nf5 Bf8 20. g4 c6 21. c4 Nb7 22. g5 hxg5 23. dxc6 Qxc6 24. Nxg5 Qxc4 25. Be3 Qb5 26. Ra7 Rbd8 27. Qf3 Rd7 28. Kh2 Nc5 29. Rxd7 Qxd7 30. Rg1 Rc8 31. Nh6+ gxh6 32. Ne6+ Kh7 33. Nxf8+ Rxf8 34. Bxh6 Rg8 35. Bg5 Ncxe4 36. Bxf6 Nxf6 37. Qxf6 Rxg1 38. Qh4+ Kg6 39. Kxg1 Qa4 40. Qg4+ Kf6 41. Qh4+ Ke6 42. Qc4+ Ke7 1/2-1/2

[Event "4NCL Online Division 3"]
[Site "online"]
[Date "2021.02.09"]
[EventDate "2021.02.09"]
[Round "2.141"]
[White "Lockett, Karl"]
[WhiteElo "1855"]
[WhiteTeam "Crewe AOL"]
[Black "Pigott, Darrell N"]
[BlackElo "1846"]
[BlackTeam "Watford 2"]
[Result "0-1"]
[PlyCount "56"]

1. Nf3 c5 2. c4 Nc6 3. g3 Nf6 4. Bg2 g6 5. Nc3 Bg7 6. O-O O-O 7. Rb1 d5 8. cxd5 Nxd5 9. a3 Bf5 10. d3 Bxc3 11. e4 Bg7 12. exf5 gxf5 13. Bd2 e6 14. Qc2 b6 15. b4 Nd4 16. Qc4 Rc8 17. bxc5 Rxc5 18. Qa6 Qd7 19. Nxd4 Bxd4 20. Rfc1 Rfc8 21. Rxc5 Rxc5 22. a4 Rc2 23. Rd1 f4 24. a5 fxg3 25. hxg3 Qc7 26. Kf1 Rxd2 27. Rxd2 Qc1+ 28. Ke2 Nc3+ 0-1

[Event "4NCL Online Division 3"]
[Site "online"]
[Date "2021.02.09"]
[EventDate "2021.02.09"]
[Round "2.142"]
[White "Sloan, Cecil"]
[WhiteElo "1749"]
[WhiteTeam "Watford 2"]
[Black "Holcman, Lukasz"]
[BlackElo "1705"]
[BlackTeam "Crewe AOL"]
[Result "1/2-1/2"]
[PlyCount "63"]

1. e4 c5 2. Nf3 Nc6 3. Bb5 d6 4. O-O Bd7 5. Re1 Nf6 6. Nc3 e5 7. d3 Be7 8. Nd5 O-O 9. c3 a6 10. Bxc6 Bxc6 11. Nxe7+ Qxe7 12. Bg5 h6 13. Bxf6 Qxf6 14. d4 cxd4 15. cxd4 Rad8 16. d5 Bd7 17. Qb3 b5 18. Rac1 Rc8 19. Qe3 a5 20. Rxc8 Rxc8 21. Rc1 Rxc1+ 22. Qxc1 Qd8 23. Qc3 b4 24. Qc4 Qb8 25. Nd2 f6 26. b3 Qb6 27. g3 Kh7 28. Kg2 Bb5 29. Qc8 Qd4 30. Qf5+ Kg8 31. Qc8+ Kh7 32. Qf5+ 1/2-1/2

[Event "4NCL Online Division 3"]
[Site "online"]
[Date "2021.02.09"]
[EventDate "2021.02.09"]
[Round "2.143"]
[White "Renegade, Richard"]
[WhiteElo "1752"]
[WhiteTeam "Crewe AOL"]
[Black "Hammond, Rob"]
[BlackElo "1792"]
[BlackTeam "Watford 2"]
[Result "0-1"]
[PlyCount "28"]

1. e4 c6 2. f4 d5 3. e5 Bf5 4. d4 e6 5. h4 Nh6 6. Be2 c5 7. c3 Be7 8. Nf3 Bg4 9. Nbd2 Nf5 10. Ng5 Bxe2 11. Qxe2 Ng3 12. Qe3 Nxh1 13. g3 h6 14. Nh3 Nxg3 0-1

[Event "4NCL Online Division 3"]
[Site "online"]
[Date "2021.02.09"]
[EventDate "2021.02.09"]
[Round "2.144"]
[White "Russell, Chris"]
[WhiteElo "1769"]
[WhiteTeam "Watford 2"]
[Black "Layhe, Neville"]
[BlackElo "1628"]
[BlackTeam "Crewe AOL"]
[Result "0-1"]
[PlyCount "62"]

1. d4 d6 2. Bf4 g6 3. Nf3 Bg7 4. e3 Nf6 5. h3 O-O 6. Bd3 b6 7. O-O Bb7 8. c4 e6 9. Nc3 Nbd7 10. Rc1 e5 11. Bg5 exd4 12. exd4 h6 13. Bh4 g5 14. Bg3 Bxf3 15. Qxf3 Re8 16. Rfe1 Nf8 17. b3 Ne6 18. d5 Nd4 19. Qd1 Rxe1+ 20. Qxe1 Qd7 21. Qd2 Re8 22. Kf1 Qe7 23. Bb1 Nh5 24. Bh2 Qf6 25. Ne4 Qd8 26. Ng3 Nxg3+ 27. Bxg3 Re2 28. Qd1 Qe7 29. f3 Qe3 30. Qd3 Qxc1+ 31. Be1 Qxe1# 0-1

[Event "4NCL Online Division 3"]
[Site "online"]
[Date "2021.02.09"]
[EventDate "2021.02.09"]
[Round "2.151"]
[White "Soares, Danilo V."]
[WhiteElo "2085"]
[WhiteTeam "Bolton and Worsley 1"]
[Black "Peacock, Malcolm R"]
[BlackElo "2017"]
[BlackTeam "Preston South End"]
[Result "1/2-1/2"]
[PlyCount "125"]

1. d4 Nf6 2. Nf3 c5 3. c3 b6 4. Bf4 Bb7 5. Nbd2 g6 6. e3 Bg7 7. h3 O-O 8. Be2 d6 9. O-O Nbd7 10. a4 Rb8 11. Bh2 Ne4 12. Nxe4 Bxe4 13. Re1 Nf6 14. Nd2 Bc6 15. a5 cxd4 16. exd4 b5 17. Bf3 Qd7 18. Bxc6 Qxc6 19. Rxe7 a6 20. Qf3 Nd5 21. Ree1 Rbc8 22. Bg3 Rfd8 23. Rac1 Kf8 24. Kh2 Ne7 25. Qxc6 Nxc6 26. Ne4 d5 27. Nc5 Nxa5 28. Ra1 Nc4 29. b3 Nd2 30. Rxa6 Ne4 31. Nxe4 dxe4 32. Bd6+ Kg8 33. Bc5 f5 34. Rb6 Rb8 35. Rxb8 Rxb8 36. Ra1 Bf8 37. b4 Kf7 38. Ra7+ Ke6 39. Kg3 h6 40. Ra6+ Kd5 41. Rxg6 Kc4 42. Rc6 Kd3 43. Kf4 Ke2 44. g4 Kxf2 45. Re6 Bxc5 46. dxc5 fxg4 47. hxg4 e3 48. Rxh6 Rf8+ 49. Ke5 Re8+ 50. Kd6 e2 51. Rh1 Rh8 52. Ra1 e1=Q 53. Rxe1 Kxe1 54. Kc6 Kd2 55. Kxb5 Kxc3 56. c6 Rb8+ 57. Kc5 Rxb4 58. c7 Rxg4 59. Kd6 Rd4+ 60. Kc5 Rc4+ 61. Kd6 Kb4 62. Kd7 Rxc7+ 63. Kxc7 1/2-1/2

[Event "4NCL Online Division 3"]
[Site "online"]
[Date "2021.02.09"]
[EventDate "2021.02.09"]
[Round "2.152"]
[White "Quinn, Kenny"]
[WhiteElo "1962"]
[WhiteTeam "Preston South End"]
[Black "Hann, R Mark"]
[BlackElo "2026"]
[BlackTeam "Bolton and Worsley 1"]
[Result "0-1"]
[PlyCount "90"]

1. e4 e6 2. d4 d5 3. Nc3 Bb4 4. e5 c5 5. a3 Bxc3+ 6. bxc3 Ne7 7. h4 Qc7 8. Rb1 cxd4 9. cxd4 Qc3+ 10. Qd2 Qxd2+ 11. Bxd2 b6 12. Bb5+ Bd7 13. Bxd7+ Kxd7 14. g4 Nbc6 15. Ne2 f6 16. f4 h5 17. exf6 gxf6 18. g5 Nf5 19. c3 Na5 20. Rh3 Nc4 21. Bc1 Rac8 22. Kf2 Ncd6 23. Bd2 Rc4 24. Rb4 Rhc8 25. Rxc4 Rxc4 26. Be1 Ne4+ 27. Kf1 Ra4 28. gxf6 Nxf6 29. Ng3 Rxa3 30. Nxf5 exf5 31. Re3 Ng4 32. Re2 Rb3 33. Ra2 a5 34. Ke2 Rb1 35. Rc2 b5 36. c4 dxc4 37. Bxa5 Rh1 38. Bd2 Rxh4 39. Ra2 Rh2+ 40. Kd1 Nf2+ 41. Ke1 Ne4 42. Ra7+ Kc6 43. Bb4 c3 44. Ra8 Kd5 45. Rd8+ Kc4 0-1

[Event "4NCL Online Division 3"]
[Site "online"]
[Date "2021.02.09"]
[EventDate "2021.02.09"]
[Round "2.153"]
[White "Tyton, Adam"]
[WhiteElo "1894"]
[WhiteTeam "Bolton and Worsley 1"]
[Black "Thompson, Peter"]
[BlackElo "1875"]
[BlackTeam "Preston South End"]
[Result "0-1"]
[PlyCount "60"]

1. e4 e5 2. Nf3 Nc6 3. d4 exd4 4. Nxd4 Qf6 5. Be3 Bc5 6. c3 Nge7 7. Qd2 d5 8. Nb5 Bxe3 9. Qxe3 O-O 10. Bd3 dxe4 11. Bxe4 Nf5 12. Qf4 Nce7 13. O-O c6 14. N5a3 Ng6 15. Qc1 Nd6 16. Nd2 Nf4 17. Qc2 Qg5 18. Nac4 Nxe4 19. Qxe4 Bf5 20. Qf3 Bg4 21. Qe4 Be2 22. h4 Qxh4 23. Rfe1 Rfe8 24. Ne5 Qg5 25. g3 Nh3+ 26. Kg2 Rxe5 27. Qd4 Rd8 28. f4 Rxd4 29. fxg5 Rxd2 30. Kxh3 Rxg5 0-1

[Event "4NCL Online Division 3"]
[Site "online"]
[Date "2021.02.09"]
[EventDate "2021.02.09"]
[Round "2.154"]
[White "Tuke, David"]
[WhiteElo "1680"]
[WhiteTeam "Preston South End"]
[Black "Hodgson, Christopher"]
[BlackElo "1750"]
[BlackTeam "Bolton and Worsley 1"]
[Result "0-1"]
[PlyCount "72"]

1. d4 d5 2. c4 c6 3. cxd5 cxd5 4. Nf3 Nc6 5. Bf4 Nf6 6. Nc3 Qb6 7. Qd2 e6 8. e3 Bb4 9. Bd3 Bd7 10. O-O Nh5 11. Bg3 Nxg3 12. hxg3 h5 13. a3 Be7 14. Rfc1 h4 15. gxh4 Bxh4 16. Nxh4 Rxh4 17. g3 Rh8 18. Kg2 Na5 19. Rh1 O-O-O 20. Rxh8 Rxh8 21. Rh1 Rxh1 22. Kxh1 Nc4 23. Bxc4 dxc4 24. Kg1 Bc6 25. e4 Qd8 26. d5 exd5 27. exd5 b5 28. Qd4 Qd7 29. Qxg7 Bxd5 30. Qf8+ Kb7 31. Qc5 Bc6 32. Kh2 f5 33. g4 fxg4 34. Kg3 a6 35. a4 Qc7+ 36. Kxg4 Bd7+ 0-1